100 Largest U.S. Cities - Statistics

General Stats
  • This quiz has been taken 81 times
  • The average score is 72 of 100
Answer Stats
State City Population % Correct
New York New York City 8,258,035
100%
Illinois Chicago 2,664,452
99%
California Los Angeles 3,820,914
99%
Arizona Phoenix 1,650,070
99%
Texas Dallas 1,302,868
97%
Texas Houston 2,314,157
97%
Pennsylvania Philadelphia 1,550,542
97%
Massachusetts Boston 653,833
96%
California San Francisco 808,988
96%
District of Columbia Washington 678,972
96%
Georgia Atlanta 510,823
94%
Colorado Denver 716,577
94%
Nevada Las Vegas 660,929
94%
Texas San Antonio 1,495,295
94%
California San Diego 1,388,320
94%
Washington Seattle 755,078
94%
Texas Austin 979,882
93%
Michigan Detroit 633,218
93%
Indiana Indianapolis 879,293
93%
Missouri Kansas City 510,704
93%
Florida Miami 455,924
93%
Oklahoma Oklahoma City 702,767
93%
Tennessee Nashville 687,788
91%
Florida Jacksonville 985,843
90%
North Carolina Charlotte 911,311
89%
Ohio Cleveland 362,656
89%
Hawaii Honolulu 341,778
89%
Minnesota Minneapolis 425,115
89%
Oregon Portland 630,498
89%
California San Jose 969,655
89%
New Mexico Albuquerque 560,274
87%
Maryland Baltimore 565,239
87%
Ohio Columbus 913,175
87%
Wisconsin Milwaukee 561,385
87%
Louisiana New Orleans 364,136
87%
California Sacramento 526,384
86%
Texas Fort Worth 978,468
84%
Tennessee Memphis 618,639
84%
Kentucky Louisville 622,981
83%
Nebraska Omaha 483,335
83%
Ohio Cincinnati 311,097
81%
Florida Orlando 320,742
81%
Pennsylvania Pittsburgh 303,255
81%
North Carolina Raleigh 482,295
81%
Missouri St. Louis 281,754
81%
Colorado Colorado Springs 488,664
80%
Virginia Richmond 229,247
80%
Florida Tampa 403,364
80%
Arizona Tucson 547,239
80%
Idaho Boise 235,421
79%
Minnesota Saint Paul 303,820
79%
Alaska Anchorage 286,075
77%
Texas El Paso 678,958
77%
New Jersey Newark 304,960
77%
Virginia Virginia Beach 453,649
76%
New York Buffalo 274,678
74%
California Fresno 545,716
74%
Nevada Reno 274,915
73%
Oklahoma Tulsa 411,894
71%
Nebraska Lincoln 294,757
70%
California Oakland 436,504
70%
New Jersey Jersey City 291,657
67%
Wisconsin Madison 180,305
67%
California Long Beach 449,468
64%
Kansas Wichita 396,119
64%
Texas Arlington 398,431
63%
Texas Corpus Christi 316,595
61%
Ohio Toledo 265,304
61%
California Bakersfield 413,381
60%
Arizona Mesa 511,648
60%
Washington Spokane 229,447
60%
North Carolina Durham 296,186
56%
California Anaheim 340,512
54%
North Carolina Greensboro 302,396
53%
Florida St. Petersburg 263,553
53%
Colorado Aurora 395,052
51%
Alabama Huntsville 225,564
51%
Texas Lubbock 266,878
51%
North Carolina Winston-Salem 252,975
51%
Indiana Fort Wayne 269,994
50%
Nevada Henderson 337,305
50%
Virginia Norfolk 230,930
49%
California Riverside 318,858
49%
Nevada North Las Vegas 284,771
47%
California Santa Ana 310,539
47%
California Stockton 319,543
47%
Kentucky Lexington 320,154
43%
Arizona Scottsdale 244,394
41%
California Irvine 314,621
40%
Arizona Glendale 253,855
39%
Texas Plano 290,190
37%
Arizona Chandler 280,167
34%
Texas Laredo 257,602
34%
Arizona Gilbert 275,411
33%
Virginia Chesapeake 253,886
30%
California Chula Vista 274,333
30%
Texas Irving 254,373
30%
Texas Garland 243,470
29%
California Fremont 226,208
27%
Florida Port St. Lucie 245,021
24%
No matching quizzes found
Score Distribution
Percent of People with Each Score
Percentile by Number Answered
Your Score History
You have not taken this quiz